On nuclear terrorism / (Record no. 15473)
[ view plain ]
| 000 -LEADER | |
|---|---|
| fixed length control field | 01782cam a2200373 a 4500 |
| 001 - CONTROL NUMBER | |
| control field | 14803258 |
| 005 - DATE AND TIME OF LATEST TRANSACTION | |
| control field | 20170105102918.0 |
| 008 - FIXED-LENGTH DATA ELEMENTS--GENERAL INFORMATION | |
| fixed length control field | 070410s2007 maua b 001 0 eng |
| 010 ## - LIBRARY OF CONGRESS CONTROL NUMBER | |
| LC control number | 2007014485 |
| 015 ## - NATIONAL BIBLIOGRAPHY NUMBER | |
| National bibliography number | GBA759853 |
| Source | bnb |
| 016 7# - NATIONAL BIBLIOGRAPHIC AGENCY CONTROL NUMBER | |
| Record control number | 013805611 |
| Source | Uk |
| 020 ## - INTERNATIONAL STANDARD BOOK NUMBER | |
| International Standard Book Number | 9788130909998 |
| 035 ## - SYSTEM CONTROL NUMBER | |
| System control number | (OCoLC)ocn123119765 |
| 040 ## - CATALOGING SOURCE | |
| Original cataloging agency | DLC |
| Transcribing agency | DLC |
| Modifying agency | BAKER |
| -- | BTCTA |
| -- | UKM |
| -- | C#P |
| -- | YDXCP |
| -- | IXA |
| -- | VP@ |
| -- | NLGGC |
| -- | DLC |
| 043 ## - GEOGRAPHIC AREA CODE | |
| Geographic area code | n-us--- |
| 050 00 - LIBRARY OF CONGRESS CALL NUMBER | |
| Classification number | HV6433.86 |
| Item number | .L48 2007 |
| 082 00 - DEWEY DECIMAL CLASSIFICATION NUMBER | |
| Classification number | 363.325/5560973 |
| Edition number | 22 |
| 084 ## - OTHER CLASSIFICATION NUMBER | |
| Classification number | 89.58 |
| Number source | bcl |
| 100 1# - MAIN ENTRY--PERSONAL NAME | |
| Personal name | Levi, Michael A. |
| 245 10 - TITLE STATEMENT | |
| Title | On nuclear terrorism / |
| Statement of responsibility, etc. | Michael Levi. |
| 260 ## - PUBLICATION, DISTRIBUTION, ETC. | |
| Place of publication, distribution, etc. | Cambridge, Mass. : |
| Name of publisher, distributor, etc. | Harvard University Press : |
| -- | In cooperation with the Council on Foreign Relations, |
| Date of publication, distribution, etc. | 2007. |
| 300 ## - PHYSICAL DESCRIPTION | |
| Extent | x, 210 p. : |
| Other physical details | ill. ; |
| Dimensions | 25 cm. |
| 504 ## - BIBLIOGRAPHY, ETC. NOTE | |
| Bibliography, etc. note | Includes bibliographical references (p. 175-203) and index. |
| 505 0# - FORMATTED CONTENTS NOTE | |
| Formatted contents note | Prologue -- Principles for defense -- Security at the source -- Building blocks -- The beginnings of a true system -- Warning -- A wider universe of nuclear plots and defenses -- The way forward -- Appendix: Radiation detection and weapons effects calculations. |
| 650 #0 - SUBJECT ADDED ENTRY--TOPICAL TERM | |
| Topical term or geographic name entry element | Nuclear terrorism |
| Geographic subdivision | United States |
| General subdivision | Prevention. |
| 650 #0 - SUBJECT ADDED ENTRY--TOPICAL TERM | |
| Topical term or geographic name entry element | Nuclear weapons |
| General subdivision | Government policy |
| Geographic subdivision | United States. |
| 650 #0 - SUBJECT ADDED ENTRY--TOPICAL TERM | |
| Topical term or geographic name entry element | Terrorism |
| General subdivision | Government policy |
| Geographic subdivision | United States. |
| 650 #0 - SUBJECT ADDED ENTRY--TOPICAL TERM | |
| Topical term or geographic name entry element | National security |
| Geographic subdivision | United States. |
| 710 2# - ADDED ENTRY--CORPORATE NAME | |
| Corporate name or jurisdiction name as entry element | Council on Foreign Relations. |
| 856 41 - ELECTRONIC LOCATION AND ACCESS | |
| Materials specified | Table of contents only |
| Uniform Resource Identifier | <a href="http://www.loc.gov/catdir/toc/ecip0715/2007014485.html">http://www.loc.gov/catdir/toc/ecip0715/2007014485.html</a> |
| 906 ## - LOCAL DATA ELEMENT F, LDF (RLIN) | |
| a | 7 |
| b | cbc |
| c | orignew |
| d | 1 |
| e | ecip |
| f | 20 |
| g | y-gencatlg |
| 942 ## - ADDED ENTRY ELEMENTS (KOHA) | |
| Source of classification or shelving scheme | |
| Koha item type | Book |
| Withdrawn status | Lost status | Damaged status | Not for loan | Collection code | Permanent Location | Current Location | Shelving location | Date acquired | Total Checkouts | Full call number | Barcode | Date last seen | Price effective from | Koha item type |
|---|---|---|---|---|---|---|---|---|---|---|---|---|---|---|
| Centre for International Peace & Stability (CIPS) | Centre for International Peace & Stability (CIPS) | General Stacks | 10/02/2013 | 363.3255560973 LEV 2010 | CIPS0001682 | 12/03/2013 | 12/03/2013 | Book |
